| 000 | 00557aam a2200217 4500 | ||
|---|---|---|---|
| 000 | |||
| 005 | 20250721173454.0 | ||
| 008 | 150226b xxu||||| |||| 00| 0 eng d | ||
| 041 | _aspa | ||
| 082 | _a972.863 A668c | ||
| 100 |
_aArce Navarro, Luis Enrique _929029 |
||
| 245 | _aCantón Pérez Zeledón | ||
| 260 |
_aCosta Rica _bLitografía Morales _c2006 |
||
| 300 | _a204 páginas | ||
| 650 |
_aCOSTA RICA _933110 |
||
| 650 |
_aPEREZ ZELEDÓN _925372 |
||
| 650 |
_aSAN JOSÉ _91091 |
||
| 650 |
_aHISTORIA _943 |
||
| 650 |
_aGEOGRAFÍA _91138 |
||
| 942 | _cBK | ||
| 999 |
_c3408 _d3408 |
||